Registro oficial de la provincia de Buenos Aires. (Record no. 183431)

MARC details
000 -LEADER
campo de control de longitud fija 00541nas a2200169 i 4500
001 - NÚMERO DE CONTROL
campo de control 183431
003 - IDENTIFICADOR DE NÚMERO DE CONTROL
campo de control ES-MaACL
005 - FECHA Y HORA DE LA ÚLTIMA TRANSACCIÓN
campo de control 20250217134913.0
008 - DATOS DE LONGITUD FIJA--INFORMACIÓN GENERAL
campo de control de longitud fija 140421d18211947ag | | ||pa d
245 00 - MENCIÓN DEL TÍTULO
Título Registro oficial de la provincia de Buenos Aires.
260 ## - PUBLICACIÓN, DISTRIBUCIÓN, ETC.
Lugar de publicación, distribución, etc. Buenos Aires :
Nombre del editor, distribuidor, etc. [s.n.],
Fecha de publicación, distribución, etc. 1821-1947 (
Fabricante "La Tribuna")
300 ## - DESCRIPCIÓN FÍSICA
Extensión 15 v. ;
Dimensiones 22 cm.
710 ## - ENTRADA AGREGADA--NOMBRE DE ENTIDAD CORPORATIVA
Nombre de entidad corporativa o nombre de jurisdicción como elemento de entrada Buenos Aires (Argentina, Provincia)
9 (RLIN) 200700
852 ## - LOCALIZACIÓN
Ubicación ES-MaACL
Número de control de estantería G-6465-78
866 #0 - MENCIÓN TEXTUAL DE FONDOS--UNIDAD BIBLIOGRÁFICA BÁSICA
Fondos 1858-1862, 1866, 1870-1875, 1877-1881, 1903-1904.
Holdings
Estatus retirado Estado de pérdida Estado de daño No para préstamo Colección Biblioteca de origen Biblioteca actual Ubicación en estantería Fecha de adquisición Fuente de adquisición Total de préstamos Signatura topográfica completa Código de barras Visto por última vez Precio de reemplazo Tipo de ítem Koha
        Periódicos y Revistas Biblioteca del Ateneo de Madrid Biblioteca del Ateneo de Madrid Depósito 2 21/04/2014     G-6465-78 1192799 23/02/2023 23/02/2023 Revista